[Event "Internet Section 17-A"]
[Site "Dos Hermanas"]
[Date "2003.03.17"]
[Round "8"]
[White "Nakamura, Hikaru"]
[Black "Pupo, Emilio"]
[Result "1-0"]
[WhiteElo "2520"]
[BlackElo "2354"]
[PlyCount "99"]
[EventDate "2003.03.17"]
[EventType "swiss (blitz)"]
[EventRounds "9"]
[EventCountry "ESP"]
[SourceTitle "EXT 2004"]
[Source "ChessBase"]
[SourceDate "2003.11.25"]
[SourceVersion "1"]
[SourceVersionDate "2003.11.25"]
[SourceQuality "1"]

1. d4 Nf6 2. c4 g6 3. Nc3 Bg7 4. e4 d6 5. Be2 O-O 6. Nf3 e5 7. O-O Nc6 8. d5
Ne7 9. b4 Nh5 10. Re1 f5 11. Ng5 Nf6 12. f3 c6 13. Be3 f4 14. Bf2 Ne8 15. c5
Bf6 16. cxd6 Bxg5 17. dxe7 Bxe7 18. Qb3 Kh8 19. Rad1 Bh4 20. g3 Qg5 21. Kg2 Nf6
22. Rg1 fxg3 23. hxg3 Nh5 24. Kh2 Rf4 25. gxf4 Qxf4+ 26. Kg2 Qg5+ 27. Kh2 Qf4+
28. Kg2 Qg5+ 29. Kh1 Bg3 30. Bxg3 Nxg3+ 31. Rxg3 Qxg3 32. Bf1 Bh3 33. Ne2 Qh4
34. Bxh3 Qxh3+ 35. Kg1 Rf8 36. Rf1 Qh4 37. Qe3 g5 38. Qf2 Qh6 39. Ng3 cxd5 40.
Nf5 Qf6 41. Qxa7 g4 42. fxg4 Rg8 43. Rf2 Rxg4+ 44. Kf1 dxe4 45. Ne3 Rf4 46.
Qb8+ Kg7 47. Qxb7+ Kg6 48. Nd1 e3 49. Qg2+ Kf7 50. Nxe3 1-0

[Event "Internet Section 17-A"]
[Site "Dos Hermanas"]
[Date "2003.03.17"]
[Round "9"]
[White "Jaracz, Pawel"]
[Black "Nakamura, Hikaru"]
[Result "1-0"]
[WhiteElo "2546"]
[BlackElo "2520"]
[PlyCount "133"]
[EventDate "2003.03.17"]
[EventType "swiss (blitz)"]
[EventRounds "9"]
[EventCountry "ESP"]
[SourceTitle "EXT 2004"]
[Source "ChessBase"]
[SourceDate "2003.11.25"]
[SourceVersion "1"]
[SourceVersionDate "2003.11.25"]
[SourceQuality "1"]

1. e4 c5 2. Nf3 d6 3. Bb5+ Bd7 4. Bxd7+ Qxd7 5. c4 Nc6 6. Nc3 g6 7. d4 cxd4 8.
Nxd4 Bg7 9. Nde2 Nf6 10. f3 O-O 11. O-O Rfc8 12. Rb1 a6 13. a4 Qd8 14. Kh1 Nd7
15. Bg5 Qa5 16. Qd2 Qb4 17. b3 e6 18. Bh6 Bh8 19. Bf4 Nc5 20. Qc2 Ne5 21. Rfd1
Rd8 22. Bd2 Qb6 23. Be3 Qc7 24. Bd4 Rac8 25. Qd2 Bg7 26. Qe3 Re8 27. h3 f5 28.
Ng3 Nxc4 29. bxc4 f4 30. Qf2 fxg3 31. Qxg3 Be5 32. f4 Bxd4 33. Rxd4 e5 34. fxe5
dxe5 35. Rdd1 Qg7 36. Qh4 Qe7 37. Qh6 Qg7 38. Qh4 Qe7 39. Qg4 Qe6 40. Qg5 Kg7
41. Nd5 Rf8 42. Rf1 Rxf1+ 43. Rxf1 Nxe4 44. Qh4 Rxc4 45. Ne3 Rd4 46. Rc1 Nf6
47. Qg5 Rd7 48. Re1 e4 49. Rf1 h6 50. Qg3 Kh7 51. Qb8 Rf7 52. Rc1 g5 53. Rc8
Rd7 54. g4 h5 55. Rh8+ Kg6 56. Qf8 Nh7 57. Rg8+ Qxg8 58. Qxg8+ Kf6 59. gxh5 Ke5
60. Qg6 Rc7 61. Qf5+ Kd4 62. Ng4 Re7 63. Qf2+ e3 64. Qb2+ Kd3 65. Qb3+ Kd2 66.
Qb4+ Kd3 67. Qxe7 1-0

[Event "New York Masters 52nd"]
[Site "New York"]
[Date "2003.04.15"]
[Round "2"]
[White "Ippolito, Dean"]
[Black "Nakamura, Hikaru"]
[Result "0-1"]
[WhiteElo "2378"]
[BlackElo "2520"]
[PlyCount "98"]
[EventDate "2003.04.15"]
[EventType "swiss (rapid)"]
[EventRounds "4"]
[EventCountry "USA"]
[SourceTitle "EXT 2004"]
[Source "ChessBase"]
[SourceDate "2003.11.25"]
[SourceVersion "1"]
[SourceVersionDate "2003.11.25"]
[SourceQuality "1"]

1. d4 Nf6 2. c4 g6 3. Nf3 Bg7 4. g3 O-O 5. Bg2 d5 6. cxd5 Nxd5 7. O-O Nc6 8.
Nc3 Nb6 9. d5 Na5 10. Qc2 e6 11. dxe6 Bxe6 12. Bg5 Qc8 13. Rfd1 Nc6 14. Rac1
Re8 15. b3 Bf5 16. Qd2 Bg4 17. Qf4 f6 18. Bxf6 Rf8 19. Ne4 Bxf3 20. Bxf3 h6 21.
Rxc6 bxc6 22. Qe5 Rxf6 23. Nxf6+ Kf7 24. Bxc6 Bxf6 25. Qf4 Rb8 26. a4 g5 27.
Qe4 Qe6 28. Rd7+ Nxd7 29. Bd5 Qxd5 30. Qxd5+ Ke7 31. Qe4+ Kd8 32. b4 Be7 33. b5
Bc5 34. h4 Rb6 35. hxg5 hxg5 36. Qa8+ Ke7 37. Qg8 Rf6 38. e3 Ne5 39. Qd5 Nf3+
40. Kg2 Bd6 41. Qb7 g4 42. a5 Rh6 43. b6 axb6 44. axb6 Rh2+ 45. Kf1 Rh1+ 46.
Ke2 Re1+ 47. Kd3 Rd1+ 48. Ke4 Kf6 49. Qd5 Ng5+ 0-1

[Event "New York Masters 52nd"]
[Site "New York"]
[Date "2003.04.15"]
[Round "3"]
[White "Nakamura, Hikaru"]
[Black "Schmaltz, Roland"]
[Result "1/2-1/2"]
[WhiteElo "2520"]
[BlackElo "2529"]
[PlyCount "79"]
[EventDate "2003.04.15"]
[EventType "swiss (rapid)"]
[EventRounds "4"]
[EventCountry "USA"]
[SourceTitle "EXT 2004"]
[Source "ChessBase"]
[SourceDate "2003.11.25"]
[SourceVersion "1"]
[SourceVersionDate "2003.11.25"]
[SourceQuality "1"]

1. d4 Nf6 2. c4 e6 3. Nf3 b6 4. a3 Bb7 5. Nc3 d5 6. cxd5 Nxd5 7. Qc2 Nxc3 8.
bxc3 Be7 9. e4 O-O 10. Bd3 c5 11. Bf4 Qc8 12. Qd2 Ba6 13. O-O Rd8 14. Rfd1 Bxd3
15. Qxd3 Qa6 16. Qe3 cxd4 17. cxd4 Nd7 18. h4 Qa4 19. h5 Bf8 20. h6 g6 21. e5
b5 22. Bg5 Re8 23. d5 exd5 24. Rxd5 Nb6 25. Rd4 Qc2 26. Rc1 Qf5 27. g4 Qe6 28.
Nd2 Rac8 29. Rxc8 Rxc8 30. Ne4 Qxg4+ 31. Kh2 Qe6 32. Qf4 Nc4 33. Bf6 Nb6 34.
Bd8 Rc4 35. Bxb6 Qxb6 36. Nf6+ Kh8 37. Rxc4 bxc4 38. Nd7 Bxh6 39. Qxh6 Qxf2+
40. Kh3 1/2-1/2

[Event "New York Masters 52nd"]
[Site "New York"]
[Date "2003.04.15"]
[Round "4"]
[White "Ehlvest, Jaan"]
[Black "Nakamura, Hikaru"]
[Result "0-1"]
[WhiteElo "2600"]
[BlackElo "2520"]
[PlyCount "82"]
[EventDate "2003.04.15"]
[EventType "swiss (rapid)"]
[EventRounds "4"]
[EventCountry "USA"]
[SourceTitle "EXT 2004"]
[Source "ChessBase"]
[SourceDate "2003.11.25"]
[SourceVersion "1"]
[SourceVersionDate "2003.11.25"]
[SourceQuality "1"]

1. d4 d5 2. c4 c6 3. Nf3 Nf6 4. Nc3 a6 5. Bg5 Ne4 6. h4 Nxc3 7. bxc3 dxc4 8. g3
b5 9. Bg2 Bb7 10. Qb1 Nd7 11. O-O Qb6 12. Nd2 Qc7 13. a4 Nb6 14. Ne4 Nd5 15.
Nc5 e6 16. Bxd5 Bxc5 17. Bxe6 Bd6 18. Bh3 O-O 19. e4 h6 20. Bd2 c5 21. d5 f5
22. axb5 axb5 23. Rxa8 Bxa8 24. Qxb5 f4 25. Qxc4 Kh8 26. Be6 Bb7 27. Rb1 fxg3
28. fxg3 Bxg3 29. Rf1 Qe7 30. Rxf8+ Qxf8 31. Qf1 Qxf1+ 32. Kxf1 Bxh4 33. Be3
Be7 34. Kf2 Ba6 35. Bd7 Bc4 36. Bc6 Bd6 37. Kf3 g5 38. Kg4 Kg7 39. Kf5 Kf7 40.
Bd7 Ke7 41. Kg6 Kxd7 0-1

[Event "Western States op"]
[Site "Reno"]
[Date "2003.10.17"]
[Round "1"]
[White "Nakamura, Hikaru"]
[Black "Langer, Mikhail"]
[Result "1-0"]
[WhiteElo "2631"]
[BlackElo "2277"]
[PlyCount "57"]
[EventDate "2003.10.17"]
[EventType "swiss"]
[EventRounds "6"]
[EventCountry "USA"]
[SourceTitle "EXT 2009"]
[Source "ChessBase"]
[SourceDate "2008.11.26"]
[SourceVersion "1"]
[SourceVersionDate "2008.11.26"]
[SourceQuality "1"]

1. d4 Nf6 2. c4 c5 3. d5 e6 4. Nc3 exd5 5. cxd5 d6 6. e4 g6 7. f3 Bg7 8. Bg5 h6
9. Be3 O-O 10. Qd2 Kh7 11. Nge2 Nfd7 12. Ng3 Ne5 13. Be2 b6 14. a4 Na6 15. O-O
Nb4 16. f4 Ng4 17. Bxg4 Bxg4 18. f5 Qh4 19. Bf4 Rad8 20. Nb5 a6 21. Nxd6 g5 22.
f6 Bxf6 23. Ndf5 Bxf5 24. Nxf5 Qh5 25. Bc7 Rde8 26. Bxb6 Rxe4 27. Ng3 Bd4+ 28.
Qxd4 cxd4 29. Nxh5 1-0

[Event "Western States op"]
[Site "Reno"]
[Date "2003.10.17"]
[Round "2"]
[White "Andrianov, Nikolai Ivanovich"]
[Black "Nakamura, Hikaru"]
[Result "0-1"]
[WhiteElo "2441"]
[BlackElo "2631"]
[PlyCount "54"]
[EventDate "2003.10.17"]
[EventType "swiss"]
[EventRounds "6"]
[EventCountry "USA"]
[SourceTitle "EXT 2009"]
[Source "ChessBase"]
[SourceDate "2008.11.26"]
[SourceVersion "1"]
[SourceVersionDate "2008.11.26"]
[SourceQuality "1"]

1. d4 Nf6 2. Nf3 g6 3. g3 Bg7 4. Bg2 O-O 5. O-O d6 6. c4 Nc6 7. Nc3 a6 8. h3
Rb8 9. Be3 e6 10. Qd2 b5 11. cxb5 axb5 12. Bh6 b4 13. Bxg7 Kxg7 14. Nd1 Bb7 15.
Ne3 Qd7 16. Rfc1 Rfc8 17. Ng4 Ng8 18. d5 exd5 19. Qxd5 Re8 20. Ng5 Ne5 21. Nxe5
Rxe5 22. Qd4 Bxg2 23. Kxg2 Nf6 24. Nf3 Rxe2 25. Qa7 Rc8 26. Re1 Rce8 27. Rac1
Rxe1 0-1

[Event "Western States op"]
[Site "Reno"]
[Date "2003.10.18"]
[Round "3"]
[White "Nakamura, Hikaru"]
[Black "Browne, Walter Shawn"]
[Result "1-0"]
[WhiteElo "2631"]
[BlackElo "2540"]
[PlyCount "121"]
[EventDate "2003.10.17"]
[EventType "swiss"]
[EventRounds "6"]
[EventCountry "USA"]
[SourceTitle "EXT 2009"]
[Source "ChessBase"]
[SourceDate "2008.11.26"]
[SourceVersion "1"]
[SourceVersionDate "2008.11.26"]
[SourceQuality "1"]

1. d4 Nf6 2. c4 e6 3. Nc3 Bb4 4. Qc2 O-O 5. a3 Bxc3+ 6. Qxc3 b6 7. Bg5 Bb7 8.
e3 d6 9. Ne2 Nbd7 10. Qd3 c5 11. Nc3 h6 12. Bh4 Qe7 13. Rd1 Rad8 14. d5 Ne5 15.
Qd2 g5 16. Bg3 exd5 17. cxd5 Nh5 18. Be2 Nxg3 19. hxg3 Kg7 20. O-O f5 21. f4
Ng6 22. Bd3 Bc8 23. e4 gxf4 24. gxf4 Qh4 25. Rde1 fxe4 26. Nxe4 Rxf4 27. Qc3+
Ne5 28. Nxd6 Rxf1+ 29. Bxf1 Rxd6 30. Qxe5+ Qf6 31. Qg3+ Qg6 32. Qc3+ Qf6 33.
Re7+ Kf8 34. Rxa7 Bf5 35. Qg3 Rxd5 36. Bc4 Rd7 37. Ra8+ Ke7 38. Qe3+ Kd6 39.
Bb5 Re7 40. Qf4+ Qe5 41. Qxh6+ Be6 42. Rf8 Kc7 43. Qf4 Qxf4 44. Rxf4 Kd6 45.
Rf2 Rg7 46. Be2 c4 47. Bf3 c3 48. bxc3 Ra7 49. Rd2+ Kc5 50. Re2 Bc4 51. Re8 b5
52. Rc8+ Kb6 53. Ra8 Rxa8 54. Bxa8 Ka5 55. Kf2 Ka4 56. Ke3 Kxa3 57. Kd4 Bf1 58.
g4 Bh3 59. g5 Bf5 60. Be4 Bd7 61. g6 1-0

[Event "Western States op"]
[Site "Reno"]
[Date "2003.10.19"]
[Round "5"]
[White "Nakamura, Hikaru"]
[Black "De Guzman, Ricardo"]
[Result "1-0"]
[WhiteElo "2631"]
[BlackElo "2539"]
[PlyCount "73"]
[EventDate "2003.10.17"]
[EventType "swiss"]
[EventRounds "6"]
[EventCountry "USA"]
[SourceTitle "EXT 2009"]
[Source "ChessBase"]
[SourceDate "2008.11.26"]
[SourceVersion "1"]
[SourceVersionDate "2008.11.26"]
[SourceQuality "1"]

1. e4 e5 2. Nf3 Nc6 3. d4 exd4 4. Nxd4 Bc5 5. Be3 Qf6 6. c3 Nge7 7. Bc4 b6 8.
Qd2 Bb7 9. b4 Bxd4 10. cxd4 Qg6 11. f3 h5 12. a3 h4 13. Nc3 h3 14. g4 O-O-O 15.
d5 Ne5 16. Be2 Qf6 17. O-O Qg6 18. f4 Nc4 19. Bxc4 Qxg4+ 20. Kh1 f5 21. Rf2
fxe4 22. Rg1 Qh5 23. d6 Nf5 24. dxc7 Rdf8 25. Bd5 Bc6 26. b5 Bxd5 27. Qxd5 Kxc7
28. Qd2 Qf7 29. a4 Kb7 30. a5 Rc8 31. axb6 axb6 32. Nd5 Rh6 33. Ra1 Ra8 34.
Rxa8 Kxa8 35. Qa2+ Kb8 36. Rc2 Rh8 37. Rc7 1-0

[Event "Western States op"]
[Site "Reno"]
[Date "2003.10.19"]
[Round "6"]
[White "Wojtkiewicz, Aleksander"]
[Black "Nakamura, Hikaru"]
[Result "1/2-1/2"]
[WhiteElo "2638"]
[BlackElo "2631"]
[PlyCount "26"]
[EventDate "2003.10.17"]
[EventType "swiss"]
[EventRounds "6"]
[EventCountry "USA"]
[SourceTitle "EXT 2009"]
[Source "ChessBase"]
[SourceDate "2008.11.26"]
[SourceVersion "1"]
[SourceVersionDate "2008.11.26"]
[SourceQuality "1"]

1. Nf3 Nf6 2. c4 g6 3. g3 Bg7 4. d4 O-O 5. Bg2 d5 6. cxd5 Nxd5 7. O-O Nc6 8. e4
Nb6 9. d5 Na5 10. Nc3 c6 11. Bg5 cxd5 12. exd5 h6 13. Bf4 Nac4 1/2-1/2

[Event "Santo Domingo op"]
[Site "Santo Domingo"]
[Date "2003.11.30"]
[Round "5"]
[White "Nakamura, Hikaru"]
[Black "Milov, Vadim"]
[Result "0-1"]
[WhiteElo "2565"]
[BlackElo "2574"]
[Annotator "Milov,V"]
[PlyCount "58"]
[EventDate "2003.11.27"]
[EventType "swiss"]
[EventRounds "10"]
[EventCountry "DOM"]
[SourceTitle "CBM 097 Extra"]
[Source "ChessBase"]
[SourceDate "2004.01.13"]
[SourceVersion "1"]
[SourceVersionDate "2004.01.13"]
[SourceQuality "1"]

1. d4 Nf6 2. c4 e6 3. Nc3 Bb4 4. Qc2 O-O 5. a3 Bxc3+ 6. Qxc3 d6 7. Bg5 Nbd7 8.
e3 b6 9. Ne2 {this strange looking move has become popular now and it occurred
(with a slightly move order) in the 2 recent Kasparov`s games.} ({Both} 9. Bd3)
({and} 9. Nf3 {look normal and natural and lead to the well-knoown positions.})
9... Bb7 10. Qd3 ({After} 10. Qc2 c5 {the white queen could become vulnerable
on the "c"-file.}) 10... a5 $5 $146 {As far as I know, the new idea in this
position. Instead of playing in the centre by e6-e5 or c7-c5, Black intends to
put his pawn on a4 first and activate the rook on a8.} (10... h6 11. Bh4 c5 12.
Nc3 Qe7 13. Be2 cxd4 14. Qxd4 (14. exd4 $5) 14... e5 15. Qd1 Bxg2 16. Rg1 Bc6 {
with the unclear position in Bareev,E-Karpov,A/Cap d'Agde 2002}) (10... Ba6 11.
b4 (11. Nc3 d5 12. Qc2 Bxc4 13. Bxc4 dxc4 14. Qa4 h6 15. Bh4 c5 {led to
equality in Ivanchuk,V-Kasparov,G Rethymnon 2003}) 11... c5 12. b5 Bb7 13. Nc3
a6 14. f3 h6 15. Bh4 Qe7 16. Be2 {with a slight advantage for White , Kasparov,
G-Grischuk,A Rethymnon 2003}) 11. Nc3 (11. b3 $5 {was worth consideration
although it meant that White couldn`t castle long anymore which is important
as a part of the White`s plan. It could follow, for example:} h6 12. Bh4 c5 13.
Nc3 Qe7 {with the idea 14...cd and 15...e5.}) 11... a4 {Now the rook a8 is
ready to come into play.} 12. Qc2 Ra5 {with a tempo!} 13. Bxf6 {Giving up the
bishop and the hopes for the opening advantage.} ({But also in case of} 13. Bh4
Qa8 $1 {The queen escapes to a good square. The pawn on a4 is protected and
Black, having a very flexible position, can start to play in the centre by
choosing between e6-e5, d6-d5 and c7-c5.} 14. f3 d5 $5 {with a good position
for Black.}) 13... Nxf6 14. Nxa4 $6 ({Safer was not to give the g2-pawn:} 14.
f3 Qd7 15. Bd3 d5 16. O-O {with approximately equal chances.}) 14... Be4 {
...first chasing the queen to a less good square.} 15. Qd1 Qa8 {...and now
taking a pawn back.} 16. Nc3 ({or} 16. f3 Rxa4 17. fxe4 Qa5+ $1 (17... Nxe4 18.
Bd3 f5 19. O-O Nf6 {is also possible but 17...Qa5 is stronger}) 18. b4 (18. Qd2
Qg5 19. Bd3 Nxe4 $17) 18... Qg5 19. Qf3 (19. Qxa4 Qxe3+ $19) 19... Rfa8 {
White has too many weaknesses} 20. h4 Qg6 21. Bd3 Rxa3 22. Rd1 e5 {with a big
advantage}) 16... Bxg2 17. Rg1 Bxf1 18. Kxf1 Rf5 $15 {due to uncertain
position of the white king Black has a small advantage.} 19. Rg2 g6 (19... c5
$5) 20. Kg1 {this wasn`t necessary} ({may be it was better to take more
control in the centre by playing} 20. Qd3) 20... Ne4 21. Nxe4 Qxe4 22. Rc1 c5 {
Finally starting a counterplay in the centre. White`s problem is that the rook
g2 has to protect the king and can`t fully participate in the upcoming
developments on the other parts of the board.} 23. Rg4 Qc6 24. b4 (24. e4 {
looks active but after} Rh5 25. Rg3 Rh4 26. d5 Qd7 {Black is ready to start an
active play on the kingside whereas the white pawns on the queenside are
passive.}) 24... Ra8 25. b5 Qb7 (25... Qc7 26. a4 (26. Rc3 cxd4 27. Qxd4 (27.
exd4 $2 Rxb5) 27... Rc5)) 26. a4 {allows Black to activate his pieces.} (26. e4
Rh5 27. dxc5 (27. Rc3 cxd4 $1 28. Qxd4 Qc7 {and the white pawns are weak})
27... dxc5 28. Rc3 {White keeps control over all his pawns and the important
"d"-file and has good chances to hold the balance, for example:} Re5 29. f3 Qe7
30. Rd3 Rg5 (30... f5 $5) 31. Rg3 $11) 26... h5 27. Rg3 Qe4 $17 28. Rc3 $2 {
A blunder but the position was already very difficult anyway.} (28. dxc5 Rxc5
29. Qxd6 Rxa4 30. Qxb6 Rcxc4 31. Rd1 Rab4 $17) 28... cxd4 29. f3 ({or} 29. exd4
Rxa4 $1 30. Qxa4 (30. Rce3 Qa8) 30... Qe1+ 31. Kg2 Rxf2+ 32. Kh3 Qf1+ 33. Kh4
Rf4+ 34. Kg5 Kg7 {with mate}) 29... Rxf3 {and Hikaru resigned as he loses too
many pawns.} 0-1

[Event "Pamplona"]
[Site "Pamplona"]
[Date "2003.12.27"]
[Round "6"]
[White "Illescas Cordoba, Miguel"]
[Black "Nakamura, Hikaru"]
[Result "1-0"]
[WhiteElo "2602"]
[BlackElo "2565"]
[Annotator "Ftacnik,L"]
[PlyCount "109"]
[EventDate "2003.12.20"]
[EventType "tourn"]
[EventRounds "7"]
[EventCountry "ESP"]
[EventCategory "15"]
[SourceTitle "CBM 099"]
[Source "ChessBase"]
[SourceDate "2004.03.30"]
[SourceVersion "1"]
[SourceVersionDate "2004.03.30"]
[SourceQuality "1"]

1. d4 d5 2. c4 c6 3. Nf3 Nf6 4. e3 a6 5. Qc2 Bg4 6. Ne5 Bh5 7. cxd5 cxd5 8. Qb3
Ra7 9. Bd2 e6 10. Nc3 Be7 11. Bd3 O-O 12. O-O Nbd7 13. Nxd7 Nxd7 (13... Qxd7
14. a4 Bg6 15. Bxg6 hxg6 16. Rfc1 Rc8 $11) 14. Rfc1 Bd6 15. Bf1 Qe7 16. e4 $5 {
Illescas is opening the center in order to get some chances to fight for an
advantage in the symmetrical position.} b5 (16... dxe4 17. Nxe4 Rd8 18. Bg5 Nf6
19. Qe3 Raa8 20. Bd3 $14) 17. e5 (17. exd5 $1 b4 (17... Bg6 18. Re1 Bf5 19.
dxe6 fxe6 $14) 18. Ne4 Bxh2+ 19. Kxh2 Qh4+ 20. Qh3 Qxe4 21. Qxh5 $18) 17... Bc7
18. Ne2 (18. a4 b4 19. Ne2 a5 20. Nf4 Bg4 21. Qg3 Bf5 $11) 18... Bxe2 19. Bxe2
Rb8 20. Qd3 Bb6 21. Be3 Qe8 22. Rc2 Rc8 23. Rac1 Rxc2 24. Rxc2 Nb8 25. Qb3 Rc7
26. Rxc7 Bxc7 27. a4 $1 {White needs space for his bishops even in the endgame.
} bxa4 28. Qb7 Ba5 (28... Qd7 29. Bd1 f6 30. Bxa4 Qxa4 31. Qc8+ Kf7 32. Qxc7+
Kg6 33. h4 $14) 29. g3 h6 30. h4 Qf8 31. Bd1 Qb4 (31... Bb4 32. Bxa4 a5 33. h5
$14) 32. Qc8+ Qf8 33. Qb7 Qb4 34. Qxb4 Bxb4 35. Bxa4 Kf8 36. h5 a5 37. Bb5 $1 {
[%mdl 4096] Nakamura is left with ungrateful defensive task due to pieces
seriously constrained by the pawn structure and the opponents daring bishops.}
(37. g4 Na6 38. f4 Be7 $14) 37... Ke7 38. g4 Nd7 39. b3 Nf8 (39... Nb6 40. f4
Bc3 41. Kf2 Na8 42. g5 Nc7 43. Bd3 $16) 40. Bd3 Bc3 41. f4 f6 42. Kf2 Kf7 (
42... fxe5 $5 43. fxe5 (43. dxe5 d4 44. Bc1 Nd7 45. Ke2 Nc5 46. Bc4 Kd7 47. Ba3
Bb4 48. Bb2 d3+ 49. Bxd3 Nxb3 50. Bb5+ Ke7 51. Kd3 a4 52. Kc4 a3 53. Bxa3 Bxa3
54. Kxb3 Bc1 $11) 43... Kf7 44. Ke2 g5 45. hxg6+ Kg7 46. Bb5 Nxg6 47. Kd3 Bb4
48. Bd7 Nf8 49. Bc8 Kg6 $14) 43. Ke2 Ke7 (43... fxe5 44. fxe5 g5) 44. Ba6 Nd7
$2 {It seems, that this passive move is the decisive mistake. Black could have
resisted after the correct 44...fxe5.} (44... fxe5 45. fxe5 Kf7 $14) 45. Kd3
Bb4 46. Bb5 f5 (46... Kd8 47. Bxd7 Kxd7 48. exf6 gxf6 49. g5 hxg5 50. fxg5 fxg5
51. Bxg5 Ke8 52. Bd2 Kf7 53. Bxb4 axb4 54. Ke3 Kg7 55. Kf4 Kf6 56. h6 $18) (
46... fxe5 47. fxe5 Kd8 48. g5 hxg5 49. Bxg5+ Be7 50. Bd2 Bb4 51. Bxb4 $1 axb4
52. Bxd7 Kxd7 53. Ke3 Ke7 54. Kf4 Kf8 55. Kg5 Kf7 56. h6 $18) 47. Bf2 $1 Nf8 (
47... fxg4 48. Bh4+ Ke8 49. f5 $1 $18) 48. Bh4+ Kf7 49. gxf5 exf5 50. Bc6 Ke6
51. Bb7 $1 g6 (51... Nd7 52. Bc8 Be7 53. Bxe7 Kxe7 54. Kc3 Kd8 55. Bxd7 Kxd7
56. b4 axb4+ 57. Kxb4 Ke6 58. Kc5 g6 59. hxg6 h5 60. g7 Kf7 61. e6+ Kxg7 62.
Kd6 h4 63. e7 $18) 52. Bc8+ Kf7 53. e6+ $1 Ke8 (53... Nxe6 54. hxg6+ $18) 54.
Bd7+ Nxd7 55. hxg6 {The final combination is rather impressive, white pawns
can be restrained only at a cost of both black pieces.} (55. hxg6 Bf8 56. exd7+
Kxd7 57. Bf6 h5 58. Ke3 Kc6 59. g7 Bxg7 60. Bxg7 Kb5 61. Bf8 $18) 1-0

[Event "Mallorca Trophy final"]
[Site "Playchess.com INT"]
[Date "2004.02.08"]
[Round "1.1"]
[White "Hickl, Joerg"]
[Black "Nakamura, Hikaru"]
[Result "1/2-1/2"]
[WhiteElo "2554"]
[BlackElo "2571"]
[PlyCount "135"]
[EventDate "2004.02.08"]
[EventType "k.o. (blitz)"]
[EventRounds "2"]
[EventCountry "GER"]
[SourceTitle "CBM 098 Extra"]
[Source "ChessBase"]
[SourceDate "2004.03.10"]
[SourceVersion "2"]
[SourceVersionDate "2004.03.10"]
[SourceQuality "1"]

1. g3 g6 2. Bg2 Bg7 3. c4 e5 4. Nc3 Nc6 5. Rb1 a5 6. a3 f5 7. d3 d6 8. Nf3 Nf6
9. b4 axb4 10. axb4 O-O 11. b5 Ne7 12. O-O h6 13. Bb2 Be6 14. Ra1 Rb8 15. Qc2
f4 16. Nd2 g5 17. Ra7 c6 18. bxc6 bxc6 19. Nde4 Nxe4 20. Nxe4 Nf5 21. Bc3 Kh8
22. Qa4 d5 23. Nc5 Bg8 24. cxd5 cxd5 25. Nd7 d4 26. Bb4 Rxb4 27. Qxb4 Rf7 28.
Qa4 Re7 29. Nc5 Rxa7 30. Qxa7 fxg3 31. hxg3 h5 32. Qa8 Qxa8 33. Bxa8 h4 34.
gxh4 gxh4 35. Rb1 Nd6 36. Ne4 Nxe4 37. Bxe4 Bf6 38. Rb7 Ba2 39. Rh7+ Kg8 40.
Rd7 Kf8 41. Ra7 Be6 42. Ra6 Ke7 43. Kh2 Bg5 44. Bg2 Bg4 45. Bf3 Bf4+ 46. Kh1
Bxf3+ 47. exf3 h3 48. Ra7+ Kf6 49. Rh7 h2 50. Kg2 Kg6 51. Rh8 Kg7 52. Rh3 Kg6
53. Kf1 Kg7 54. Ke2 Kg6 55. Kd1 Kf6 56. Kc2 Ke6 57. Kb3 Kd5 58. Kb4 Kd6 59. Kb5
Kd5 60. Rh5 Kd6 61. Kb6 Kd5 62. Rh7 Kd6 63. Rh8 Kd5 64. Kb5 Kd6 65. Kc4 Kc6 66.
Rh5 Kd6 67. Kb3 Kc5 68. Rh3 1/2-1/2

[Event "Mallorca Trophy final"]
[Site "Playchess.com INT"]
[Date "2004.02.08"]
[Round "1.2"]
[White "Nakamura, Hikaru"]
[Black "Hickl, Joerg"]
[Result "1-0"]
[WhiteElo "2571"]
[BlackElo "2554"]
[PlyCount "89"]
[EventDate "2004.02.08"]
[EventType "k.o. (blitz)"]
[EventRounds "2"]
[EventCountry "GER"]
[SourceTitle "CBM 098 Extra"]
[Source "ChessBase"]
[SourceDate "2004.03.10"]
[SourceVersion "2"]
[SourceVersionDate "2004.03.10"]
[SourceQuality "1"]

1. d4 d6 2. e4 g6 3. Nc3 Bg7 4. h3 Nf6 5. g4 c5 6. dxc5 Qa5 7. Bg2 Qxc5 8. Nge2
O-O 9. O-O Nc6 10. Be3 Qa5 11. f4 Be6 12. Nd5 Bxd5 13. exd5 Nb4 14. c4 Nd7 15.
a3 Na6 16. Nd4 Qc7 17. Rc1 Rfe8 18. b4 Qd8 19. Kh1 Nc7 20. Re1 Nb6 21. Bg1 Rb8
22. Qd3 Qd7 23. Re2 Bh6 24. Rf1 Rbc8 25. g5 Bg7 26. h4 Qa4 27. Bh3 Rcd8 28.
Rfe1 a5 29. Nb5 Nxb5 30. cxb5 Nd7 31. Rxe7 Rxe7 32. Rxe7 axb4 33. axb4 Nf8 34.
f5 Be5 35. fxg6 Nxg6 36. Rxb7 Qxb4 37. Qf3 Rf8 38. h5 Nh4 39. Qg4 Qe1 40. Rc7
Bg3 41. Rc2 Be5 42. b6 Qb1 43. Rc8 Rxc8 44. Qxc8+ Kg7 45. Qg4 1-0

[Event "Mallorca Trophy final"]
[Site "Playchess.com INT"]
[Date "2004.02.08"]
[Round "1.3"]
[White "Hickl, Joerg"]
[Black "Nakamura, Hikaru"]
[Result "0-1"]
[WhiteElo "2554"]
[BlackElo "2571"]
[PlyCount "70"]
[EventDate "2004.02.08"]
[EventType "k.o. (blitz)"]
[EventRounds "2"]
[EventCountry "GER"]
[SourceTitle "CBM 098 Extra"]
[Source "ChessBase"]
[SourceDate "2004.03.10"]
[SourceVersion "2"]
[SourceVersionDate "2004.03.10"]
[SourceQuality "1"]

1. g3 g6 2. Bg2 Bg7 3. c4 e5 4. Nc3 Nc6 5. Rb1 a5 6. a3 f5 7. d3 d6 8. Nf3 h6
9. O-O Nf6 10. b4 axb4 11. axb4 O-O 12. b5 Ne7 13. Bb2 Be6 14. Ra1 Rb8 15. Qc2
g5 16. Ra7 Ng6 17. Nd2 Qc8 18. Rfa1 h5 19. Nd5 h4 20. Nxf6+ Bxf6 21. c5 d5 22.
c6 b6 23. e4 dxe4 24. dxe4 f4 25. Bf1 Kh7 26. Qd1 Kh6 27. Nc4 Rf7 28. Qc2 Qg8
29. Nd2 Rbf8 30. Bc4 Bxc4 31. Qxc4 fxg3 32. fxg3 Be7 33. Kh1 hxg3 34. hxg3 Qh8
35. Ra8 Kg7+ 0-1